Comuni della Città Metropolitana di Milano - Statistics

Statistiche generali
  • Questo quiz è stato fatto 3.308 volte
  • Il punteggio medio è 38 su 133
Risposte nella Mappa
Le risposte nella mappa del quiz sottostante sono codificate secondo una scala di colori dal rosso al verde in base alla % di persone che hanno risposto correttamente.
 
Statistiche sulle risposte
Abitanti (2019) Comune % Corretto
1.396.059 MILANO
97%
51.323 Rho
90%
81.841 Sesto San Giovanni
80%
76.264 Cinisello Balsamo
72%
42.557 Rozzano
69%
32.855 Abbiategrasso
66%
32.844 San Donato Milanese
65%
9.202 Assago
61%
36.579 Segrate
60%
48.030 Cologno Monzese
58%
20.835 Gorgonzola
58%
11.473 Pero
57%
34.980 Cernusco sul Naviglio
56%
60.336 Legnano
55%
39.085 San Giuliano Milanese
54%
36.761 Bollate
52%
35.038 Corsico
52%
24.388 Magenta
52%
19.683 Arese
51%
8.765 Gessate
51%
18.379 Melegnano
49%
37.226 Pioltello
49%
47.467 Paderno Dugnano
45%
20.204 Settimo Milanese
45%
27.070 Buccinasco
44%
21.303 Trezzano sul Naviglio
44%
17.153 Vimodrone
44%
20.516 Cormano
43%
14.100 Opera
43%
26.214 Lainate
42%
20.107 Novate Milanese
42%
26.410 Bresso
40%
23.966 Cesano Boscone
40%
18.670 Melzo
40%
23.944 Peschiera Borromeo
38%
18.944 Cusano Milanino
37%
12.171 Trezzo sull'Adda
36%
14.016 Cassina de' Pecchi
35%
27.135 Garbagnate Milanese
35%
12.270 Baranzate
34%
28.096 Parabiago
34%
12.319 Arluno
32%
19.162 Cassano d'Adda
32%
11.290 Paullo
32%
15.678 Carugate
30%
8.424 Bussero
28%
18.517 Corbetta
28%
9.205 Gaggiano
28%
20.581 Cornaredo
27%
15.919 Pieve Emanuele
27%
4.735 Albairate
26%
13.978 Busto Garolfo
26%
8.658 Inveruno
25%
7.245 Binasco
24%
14.457 Cesate
24%
4.263 Cusago
24%
17.142 Nerviano
24%
17.344 Bareggio
23%
11.215 Castano Primo
23%
14.217 Rescaldina
23%
7.452 San Colombano al Lambro
23%
21.625 Senago
23%
9.276 Vittuone
23%
5.265 Trezzano Rosa
22%
12.637 Canegrate
21%
9.358 Vanzago
21%
15.221 Cerro Maggiore
20%
11.321 Inzago
20%
4.134 Liscate
20%
9.294 Vaprio d'Adda
20%
9.286 Vignate
20%
6.904 Zibido San Giacomo
20%
8.260 Cuggiono
19%
9.076 Lacchiarella
19%
12.294 Mediglia
19%
1.057 Morimondo
19%
8.398 Pogliano Milanese
19%
7.385 Pregnana Milanese
19%
6.816 Robecco sul Naviglio
19%
14.102 Solaro
19%
5.856 Truccazzano
19%
6.694 Arconate
18%
10.341 Locate di Triulzi
18%
5.921 Pantigliate
18%
12.484 Sedriano
18%
8.084 Basiglio
17%
4.876 Cisliano
17%
8.078 Motta Visconti
17%
7.439 Settala
17%
7.164 Turbigo
17%
7.128 Cambiago
16%
6.167 Marcallo con Casone
16%
4.231 Mesero
16%
649 Nosate
16%
5.817 Rosate
16%
8.340 San Vittore Olona
16%
4.466 San Zenone al Lambro
16%
5.249 Vanzaghello
16%
9.087 Pessano con Bornago
15%
8.598 Pozzuolo Martesana
15%
4.853 Robecchetto con Induno
15%
4.586 Rodano
15%
6.718 San Giorgio su Legnano
15%
4.007 Vizzolo Predabissi
15%
5.101 Cerro al Lambro
14%
6.443 Dairago
14%
4.326 Ossona
14%
3.868 Bellinzago Lombardo
13%
4.093 Boffalora sopra Ticino
13%
4.168 Carpiano
13%
5.469 Casorezzo
13%
1.856 Cassinetta di Lugagnano
13%
5.033 Santo Stefano Ticino
13%
3.059 Bernate Ticino
12%
2.054 Besate
12%
9.277 Magnago
12%
1.435 Ozzero
12%
5.742 Vermezzo con Zelo
12%
6.207 Villa Cortese
12%
3.012 Dresano
11%
3.634 Masate
11%
6.229 Pozzo d'Adda
11%
3.641 Tribiano
11%
3.702 Basiano
10%
2.438 Bubbiano
10%
4.648 Buscate
10%
4.033 Casarile
10%
2.064 Colturano
10%
3.071 Grezzago
10%
1.622 Gudo Visconti
10%
4.577 Noviglio
10%
1.225 Calvignasco
8%
3.315 Vernate
7%
Nessun quiz corrispondente trovato
Distribuzione punteggi
Percentuale di utenti per punteggio
Percentile per numero di risposta
I tuoi punteggi nel tempo
Non hai fatto questo quiz